00301nam a2200121Ia 4500008004100000041000800041082001700049100001800066245002200084260003800106300002400144365001100168240624s9999 xx 000 0 und d aeng a658.4092 BAC aBACON TERRY R aELEMENTS OF POWER c2011aNew DelhibTata McGraw-Hill a306 : p. : cm. ; 24 cRSb33